000 00297nam a2200121 a 4500
008 100917s1963|||| d
100 1 _aSaint-Exupéry, Antoine de
245 1 0 _aZem ľudí
260 _bSlovenský spisovateľ
_aBratislava
_c1963
020 _c11
044 _axo
_cSK
041 _aslo
999 _c10443
_d10443